Shootin with Both Barrells Quiz Stats

 Plays Quiz not verified by Sporcle

Challenge
Share
Tweet
Embed
Score 0/19 Timer 10:00
0 Plays Today
Hint Answer % Correct
OxladeChamberlain
87.5%
DjembaDjemba
87.5%
LoftusCheek
87.5%
BorthwickJackson
81.3%
RobsonKanu
81.3%
EbanksBlake
81.3%
AssouEkotto
75%
WrightPhillips
75%
KazimRichards
75%
MackailSmith
68.8%
Hint Answer % Correct
TaylorFletcher
68.8%
WardProwse
68.8%
EmmanuelThomas
62.5%
ReoCoker
62.5%
MaitlandNiles
43.8%
BellBaggie
0%
OrmondeOttewill
0%
SmithRowe
0%
StoreyMoore
0%

You're not logged in!

Compare scores with friends on all Sporcle quizzes.
OR
Log In

You Might Also Like...

Show Comments

Extras

Top Quizzes Today


Score Distribution

Your Account Isn't Verified!

In order to create a playlist on Sporcle, you need to verify the email address you used during registration. Go to your Sporcle Settings to finish the process.

Report this User

Report this user for behavior that violates our Community Guidelines.

Details: